Kruté roky v nelidské zemi /
Uloženo v:
| Hlavní autor: | |
|---|---|
| Další autoři: | |
| Médium: | Kniha |
| Jazyk: | Czech |
| Vydáno: |
Líbeznice :
Víkend,
2026
|
| Témata: | |
| Celkem bylo vypůjčeno: | 0x |
| Tagy: |
Žádné tagy |
| LEADER | 02066cam a2200529 i 4500 | ||
|---|---|---|---|
| 001 | 106681 | ||
| 003 | CZ PrNK | ||
| 005 | 20260630145451.0 | ||
| 007 | ta | ||
| 008 | 260506s2026 xr ach e 000 0acze d | ||
| 015 | |a cnb003761122 | ||
| 020 | |a 9788074334535 |q (brožováno) | ||
| 040 | |a CBA001 |b cze |e rda | ||
| 041 | 1 | |a cze |h pol | |
| 072 | 7 | |a 343.8 |x Vězeňství |2 Konspekt |9 18 | |
| 072 | 7 | |a 929 |x Biografie |2 Konspekt |9 8 | |
| 080 | |a 321.64 |2 MRF | ||
| 080 | |a 323.28-051-055.62 |2 MRF | ||
| 080 | |a 343.819 |2 MRF | ||
| 080 | |a 323.282 |2 MRF | ||
| 080 | |a (47+57) |2 MRF | ||
| 080 | |a 343.819.5 |2 MRF | ||
| 080 | |a 929 |2 MRF | ||
| 080 | |a (0:82-94) |2 MRF | ||
| 100 | 1 | |a Better, Julian, |d 1937- |7 xx0345088 |4 aut |9 117534 | |
| 240 | 1 | 0 | |a Dziecko Gulagu. |l Česky |
| 245 | 1 | 0 | |a Kruté roky v nelidské zemi / |c Julian Better ; z polského originálu Dziecko Gulagu ... přeložil Michal Przybylski |
| 264 | 1 | |a Líbeznice : |b Víkend, |c 2026 | |
| 300 | |a 307 stran : |b ilustrace, portréty, faksimile ; |c 20 cm | ||
| 336 | |a text |b txt |2 rdacontent | ||
| 337 | |a bez média |b n |2 rdamedia | ||
| 338 | |a svazek |b nc |2 rdacarrier | ||
| 504 | |a Obsahuje bibliografické odkazy | ||
| 600 | 1 | 4 | |a Better, Julian, |d 1937- |7 xx0345088 |2 czenas |9 117534 |
| 610 | 2 | 4 | |a GULag NKVD |7 kn20060816008 |2 czenas |9 675 |
| 650 | 0 | 7 | |a koncentrační tábory |7 ph121782 |z Sovětský svaz |2 czenas |
| 650 | 0 | 7 | |a pracovní tábory |7 ph115874 |z Sovětský svaz |2 czenas |
| 650 | 0 | 7 | |a děti politických vězňů |7 ph590968 |z Sovětský svaz |2 czenas |
| 650 | 0 | 7 | |a stalinismus |7 ph126016 |z Sovětský svaz |2 czenas |
| 650 | 0 | 7 | |a státní terorismus |7 ph126196 |z Sovětský svaz |2 czenas |
| 655 | 7 | |a autobiografické vzpomínky |7 fd131854 |2 czenas |9 53458 | |
| 700 | 1 | |a Przybylski, Michal, |d 1981- |7 jx20080207030 |4 trl |9 49381 | |
| 710 | 2 | |a Vydavatelství Víkend |7 xx0221436 |4 pbl |9 117535 | |
| 910 | |a UOG502 | ||
| 942 | |2 ddc |c KN | ||
| 999 | |d 106681 | ||
| 993 | |0 0 |1 421180107406 |2 ddc |4 0 |6 34_000000000000000 |7 0 |9 100184 |b 0 |c 107406 |d 2026-06-30 |e 0 |f DOSP |g 34 |h 349.00 |i Koupě |l DOSP |r 2026-06-30 |t 5 |w 2026-06-30 |y KN |z NAUCNA |n | ||